US States With Highest Low Points - Statistics

General Stats
  • This quiz has been taken 14 times
  • The average score is 9 of 10
Answer Stats
Lowest Point
(Feet)
State % Correct
3,315 Colorado
100%
751 North Dakota
93%
968 South Dakota
93%
2,180 Utah
93%
3,101 Wyoming
93%
713 Idaho
86%
679 Kansas
86%
1,804 Montana
79%
840 Nebraska
79%
2,844 New Mexico
79%
No matching quizzes found
Score Distribution
Percent of People with Each Score
Percentile by Number Answered
Your Score History
You have not taken this quiz